00693nam a22002177a 4500001000200000003000900002005001700011008002500028020001800053040002200071082002800093245007100121260005700192300002800249490002500277600005500302650004000357650003200397700004000429740000600469 DO-SdBNP20230313091216.0160706b 2010 ec| 0 spa d a9786124026669 aBPMSUbspacBPMSU 4a823..8bP478pa 201022200aPeter Pan :bmis rimacuentos /c adaptación Flor Sonia Carpio aLa victoria, Lima : b Editorial Didáctica, c2010 a[10 p.] :bil.,c20 cm.0 a Mis rimacuentos a  4aBarrie, James Matthew, d1860-1937tPeter Pan x  4a Literatura iglesa infantil x e  4aCuentos ingleses infantiles1 aCarpio, Flor Sonia e adaptación  5